| 000 | 00756nam a2200217 a 4500 | ||
|---|---|---|---|
| 999 |
_c3862 _d3862 |
||
| 001 | 3862 | ||
| 003 | BD-JhCC | ||
| 005 | 20171119113235.0 | ||
| 008 | 171119s1985 bg |||| ||a| 000 0 ben d | ||
| 035 | _a(BD-JhCC)3862 | ||
| 040 |
_aBD-JhCC _dBD-JhCC |
||
| 041 | _aben | ||
| 082 |
_a297.24 _bASR 1985 |
||
| 100 | _aআশরাফ, সৈয়দ আলী | ||
| 245 |
_aছোটদের নবী কাহিনী / _cসৈয়দ আলী আশরাফ _b[আদম (আঃ) থেকে ঈসা (আঃ) পর্যন্ত] |
||
| 260 |
_aঢাকা : _bইসলামিক ফাউন্ডেশন, _c1985. |
||
| 300 |
_a60 p. : _c21 cm. |
||
| 650 | _aHistory of the Prophets for Children | ||
| 942 |
_2ddc _cBK |
||